AEW Wrestler Bildquiz Teil 2 - Statistiken

Allgemein
  • Dieses Quiz wurde 7 mal gespielt
  • Das Durchschnittsergebnis liegt bei 11 aus 16
Antwortstatistiken
Bildquiz Hint Antwort % Korrekt
Omega Kenny
100%
Page Adam
86%
Moné Mercedes
86%
Guevara Sammy
86%
Bowens Anthony
71%
Taz Sohn Hook
71%
Caster Max
71%
Nightingale Willow
71%
Robinson Juice
57%
Rose Nyla
57%
R Riho
57%
Thunder Rosa
57%
Toxic Spider Thekla
57%
Big Bill
43%
Shafir Marina
43%
Tay Melo
43%
Keine übereinstimmenden Quizze gefunden
Verteilung der Resultate
Anzahl Personen mit jedem Resultat
Perzentil nach korrekt beantworteten Fragen
Ihre Resultats-Entwicklung
Sie haben dieses Quiz noch nicht gespielt